header

Report of the panel of eminent experts on ethics in food and agriculture (Record no. 12495)

MARC details
000 -LEADER
fixed length control field 01226nam a2200289Ia 4500
245 10 - TITLE STATEMENT
Title Report of the panel of eminent experts on ethics in food and agriculture
260 ## - PUBLICATION, DISTRIBUTION, ETC. (IMPRINT)
Place of publication Rome :
Name of publisher Food and Agriculture Organization of the United Nations,
Year of publication 2001.
300 ## - PHYSICAL DESCRIPTION
Number of Pages vi, 26 p.
650 #0 - SUBJECT ADDED ENTRY--TOPICAL TERM
Topical Term Food supply
Topical Term Food supply
Topical Term Food supply
856 40 - ELECTRONIC LOCATION AND ACCESS
Uniform Resource Identifier http://site.ebrary.com/lib/rucke/Doc?id=10018693

No items available.

© 2026 Rongo University
Contact us: librarian | system librarian | Rongo university